|
|
|
|
| LEADER |
01442ppm a22003378a 4500 |
| 001 |
00031648 |
| 005 |
20171026081025.0 |
| 008 |
140113s2013 ||||||viesd |
| 041 |
0 |
# |
|a vie
|
| 082 |
1 |
4 |
|a 338.409 597 91
|b KH103TH
|
| 100 |
1 |
# |
|a Trần, Thị Ký Út Tiên
|
| 245 |
1 |
0 |
|a Khai thác tiềm năng và định hướng phát triển khu du lịch sinh thái rừng tràm Trà Sư- Huyện Tịnh Biên, Tỉnh An Giang
|b Khóa luận tốt nghiệp : Ngành Quản lý văn hóa: Trình độ : Đại học
|c Trần Thị Ký Út; Ngô Văn Bé (hướng dẫn)
|
| 260 |
# |
# |
|a Đồng Tháp
|b Trường Đại học Đồng Tháp
|c 2013
|
| 300 |
# |
# |
|b minh họa
|e 1 bản tóm tắt
|a 82 tr.
|c 30 cm.
|
| 500 |
# |
# |
|a ĐTTTS ghi: Bộ Giáo dục và Đào tạo. Trường Đại học Đồng Tháp. Khoa Tâm lý Giáo dục và Quản lý Giáo dục
|
| 653 |
# |
# |
|a An Giang
|
| 653 |
# |
# |
|a Tịnh Biên
|
| 653 |
# |
# |
|a Tiềm năng
|
| 653 |
# |
# |
|a Rừng tràm Trà Sư
|
| 653 |
# |
# |
|a Du lịch sinh thái
|
| 653 |
# |
# |
|a Phát triển
|
| 700 |
1 |
# |
|a Ngô, Văn Bé
|e hướng dẫn
|
| 852 |
# |
# |
|b Kho đọc
|j KD.0015317
|
| 852 |
# |
# |
|j KD.0015317
|
| 910 |
# |
# |
|a Ntuyet
|d 13/01/2014
|
| 980 |
# |
# |
|a Trung tâm Học liệu Lê Vũ Hùng, Trường Đại học Đồng Tháp
|